Les équipes battues par l'OGC Nice depuis 2014 - Statistiques

Statistiques générales
  • Ce quiz a été pris 673 fois
    57 depuis la dernière actualisation
  • Le résultat moyen est 25 sur 45
Statistiques - réponses
Nombre de victoires Equipe % Correct
4 Paris Saint-Germain
100%
8 Olympique de Marseille
95%
10 Olympique Lyonnais
95%
9 FC Nantes
93%
8 LOSC
89%
12 Stade Rennais FC
89%
11 AS Saint-Etienne
86%
8 RC Lens
86%
6 RC Strasbourg
86%
8 AS Monaco
84%
7 FC Metz
80%
8 Toulouse FC
77%
6 Stade Brestois 29
75%
7 FC Lorient
73%
9 Girondins de Bordeaux
73%
11 Montpellier HSC
73%
10 Angers SCO
68%
2 Clermont Foot 63
68%
3 Le Havre AC
68%
7 Stade de Reims
68%
2 AJ Auxerre
66%
2 AS Nancy-Lorraine
61%
7 EA Guingamp
61%
5 ESTAC Troyes
61%
6 Nîmes Olympique
61%
2 AC Ajaccio
59%
1 GFC Ajaccio
59%
2 SC Bastia
59%
4 SM Caen
59%
3 Amiens SC
57%
5 Dijon FCO
57%
1 Versailles FC 78
30%
1 Go Ahead Eagles
27%
1 Red Star
25%
2 Sheriff Tiraspol
16%
1 FC Slovacko
9%
1 Fréjus Saint-Raphaël
9%
1 Maccabi Tel-Aviv
9%
1 Partizan Belgrade
9%
1 SO Cholet
9%
1 Hapoël Beer-Sheva FC
7%
1 RB Salzbourg
5%
1 Vitesse Arnhem
5%
2 Zulte-Waregem
5%
1 Krasnodar
2%
Aucun quiz correspondant
Distribution des résultats
% des personnes avec chaque résultat
Percentile par nombre de réponses
Votre historique - résultats
Vous n’avez pas pris ce quiz depuis la dernière actualisation